00597nam a22001817a 4500003000400000005001700004008004100021020001800062040003200080100002500112245014200137250001200279260003200291300001100323650002300334650002700357700003100384OSt20251107130903.0251107b ||||| |||| 00| 0 spa d a980-317-039-2 cBiblioteca Ernesto Sábato aChaney, Elsa M., ed. aMuchacha, cachifa, criada, empleada, empregadinha, sirvienta y... más nadab: trabajadoras domésticas en América Latina y el Caribe a1a. ed. a FiladelfiabNueva Sociedad a420 p. aSERVICIO DOMESTICO aHOGAR-TRABAJADORAS DEL aGarcía Castro, Mary, ed.